Normal view
MARC view
- James C Taylor
Entry Personal Name
001 - CONTROL NUMBER
- control field: 9014
003 - CONTROL NUMBER IDENTIFIER
- control field: NUST
005 - DATE AND TIME OF LATEST TRANSACTION
- control field: 20180118200445.0
008 - FIXED-LENGTH DATA ELEMENTS
- fixed length control field: 180118|| aca||aabn | a|a d
040 ## - CATALOGING SOURCE
- Original cataloging agency: NUST
- Transcribing agency: NUST
100 ## - HEADING--PERSONAL NAME
- Personal name: James C Taylor
670 ## - SOURCE DATA FOUND
- Source citation: Work cat.: (NUST)291129: Patankar, Manoj S. Taylor, JAmes C. 9013, Applied human factors in aviation maintenance, 2004
